000 01127nam a22003737a 4500
001 0027342
003 KOHA_MİRAKIL
005 20260207002554.0
007 ta
008 110209b1989 tu |||gr||||#||||0|tur |
040 _aTR-BiSEU
_btur
_cTR-BiSEU
_erda
041 0 _atur
044 _ctu
050 _aHE8689.9
_b.A94 1989
100 1 _aAziz, Aysel.
245 1 _aElektronik yayıncılıkta temel bilgiler/
_cAysel Aziz ; Aysel Aziz.
264 1 _aAnkara :
_bTRT
_c1989
300 _a130, [30] s.
336 _ametin
_btxt
_2rdacontent
337 _aaracısız
_bn
_2rdamedia
338 _acilt
_bnc
_2rdacarrier
490 1 _aEğtim Dairesi Başkanlığı yayın no.
490 1 _a3.
490 1 _aTRT Basım ve Yayın Müdürlüğü yayınları yayın ;
_vno.
490 1 _a210
500 _aDizin var.
500 _aKaynakça var.
650 0 _aElektronik yayıncılık.
_952094
830 1 _aEğtim Dairesi Başkanlığı yayın no.
_954179
830 1 _a3.
_95553
830 1 _aTRT Basım ve Yayın Müdürlüğü yayınları yayın ;
_vno.
_954180
830 1 _a210
_918810
942 _2lcc
_cBK
999 _c27276
_d27276